[Event "VIII Weekend A"]
[Site "Gorgonzola ITA"]
[Date "2003.11.16"]
[Round "3"]
[White "Barberi, Alessandro"]
[Black "Brunello, Sabino"]
[Result "1-0"]
[WhiteElo "2099"]
[BlackElo "2206"]
[PlyCount "103"]
[EventDate "2003.11.15"]

1. d4 d5 2. c4 e6 3. Nf3 Nf6 4. e3 Be7 5. Bd3 Nbd7 6. Nbd2 c5 7. b3 O-O 8. Bb2
b6 9. O-O Bb7 10. Qc2 cxd4 11. exd4 Rc8 12. Ne5 g6 13. f4 Nxe5 14. fxe5 Ng4 15.
Rfe1 Bg5 16. Nf1 Nh6 17. Qf2 Nf5 18. c5 bxc5 19. Bxf5 gxf5 20. dxc5 Kh8 21. Bd4
Rg8 22. Kh1 Qf8 23. b4 Ba6 24. Red1 Qh6 25. a4 Bc4 26. Ra3 Qh5 27. Re1 f4 28.
Qf3 Qh6 29. Qh3 Qg6 30. Nd2 Qc2 31. Nxc4 dxc4 32. Qc3 Qf5 33. Qxc4 Bh4 34. Rg1
Rcd8 35. Qd3 Qg4 36. Qe4 f3 37. Qxg4 Rxg4 38. Be3 fxg2+ 39. Rxg2 Rxb4 40. Rc2
Rb1+ 41. Kg2 Rg8+ 42. Kh3 Bd8 43. c6 Rb4 44. Bf2 Bc7 45. Bxa7 Ra8 46. Bc5 Rbxa4
47. Rxa4 Rxa4 48. Bd6 Ra7 49. Rb2 Ra6 50. Bxc7 Rxc6 51. Bd8 Kg7 52. Bf6+ 1-0

[Event "VIII Weekend A"]
[Site "Gorgonzola ITA"]
[Date "2003.11.16"]
[Round "3"]
[White "Bonade', Massimo"]
[Black "Astengo, Marcello"]
[Result "1-0"]
[WhiteElo "2053"]
[BlackElo "2066"]
[PlyCount "65"]
[EventDate "2003.11.15"]

1. d4 d5 2. c4 c6 3. Nf3 e6 4. e3 Nf6 5. Nc3 Nbd7 6. Bd3 dxc4 7. Bxc4 b5 8. Bd3
a6 9. e4 c5 10. e5 cxd4 11. Nxb5 Nxe5 12. Nxe5 axb5 13. O-O Qb6 14. Qe2 Ba6 15.
Bg5 h6 16. Bxf6 gxf6 17. Qf3 fxe5 18. Qxa8+ Ke7 19. Rac1 Bg7 20. Qc6 Rb8 21.
Qxb6 Rxb6 22. Rc7+ Kf6 23. f4 b4 24. fxe5+ Kxe5 25. Bxa6 Rxa6 26. Rcxf7 Bh8 27.
Rh7 Ra8 28. Rxh6 Kd5 29. Rf7 Be5 30. Rb7 Kc4 31. Rxe6 Bf4 32. Rc6+ Kd3 33. g3
1-0

[Event "VIII Weekend A"]
[Site "Gorgonzola ITA"]
[Date "2003.11.16"]
[Round "3"]
[White "Di Majo, Carlo"]
[Black "Calzolari, Giampietro"]
[Result "1-0"]
[WhiteElo "1977"]
[BlackElo "1963"]
[PlyCount "115"]
[EventDate "2003.11.15"]

1. d4 Nf6 2. Nf3 g6 3. Bf4 d6 4. h3 Bg7 5. e3 O-O 6. Be2 Nbd7 7. O-O Re8 8. Bh2
c6 9. c3 h6 10. Na3 b5 11. Nc2 Nb6 12. Bd3 a5 13. e4 Na4 14. Qc1 e5 15. Re1 Nd7
16. Ne3 Bb7 17. b3 Nab6 18. Qc2 b4 19. dxe5 dxe5 20. cxb4 axb4 21. Red1 Qe7 22.
Rac1 Ra5 23. Qd2 Rea8 24. Bb1 h5 25. Nc4 R5a7 26. Nd6 c5 27. Nb5 Ra5 28. Nd6
Bc6 29. Bg3 f6 30. Nh4 Kh7 31. f4 exf4 32. Nxg6 Qe6 33. Nxf4 Qe5 34. Qe2 Kg8
35. Nxh5 Qe6 36. Nxg7 Kxg7 37. Qh5 c4 38. Nf5+ Rxf5 39. exf5 Qe3+ 40. Bf2 Qh6
41. Qxh6+ Kxh6 42. Bxb6 Nxb6 43. Rd6 Rc8 44. Rxf6+ Kg7 45. Rg6+ Kf7 46. bxc4
Na4 47. Bd3 Nc3 48. Rc2 Ba4 49. Rf2 Rd8 50. Bf1 Nd1 51. Re2 Nc3 52. Rb2 Rb8 53.
c5 Nd1 54. Bc4+ Ke7 55. Re2+ Kd7 56. Rd6+ Kc7 57. Re7+ Kc8 58. Ba6+ 1-0

[Event "VIII Weekend A"]
[Site "Gorgonzola ITA"]
[Date "2003.11.16"]
[Round "3"]
[White "Facchetti, Gianni"]
[Black "Pepe, Mario"]
[Result "1/2-1/2"]
[WhiteElo "2159"]
[BlackElo "1953"]
[PlyCount "161"]
[EventDate "2003.11.15"]

1. e4 Nf6 2. e5 Nd5 3. d4 d6 4. exd6 cxd6 5. c3 Nc6 6. Be2 g6 7. Nf3 Bg7 8. O-O
O-O 9. Na3 Bd7 10. Nc2 e6 11. c4 Nf6 12. b3 d5 13. Bb2 Qc7 14. Qd2 Ne7 15. Bd3
dxc4 16. bxc4 Bc6 17. Qe2 Ng4 18. g3 Rfd8 19. Rab1 Rac8 20. Rfe1 b6 21. d5 Bxb2
22. Rxb2 Bd7 23. Ng5 e5 24. Ne4 Qb8 25. f3 Nh6 26. Nf6+ Kg7 27. Nxd7 Rxd7 28.
Qxe5+ Qxe5 29. Rxe5 Nc6 30. Re1 Na5 31. Na3 Nb7 32. Rbe2 Nc5 33. Bc2 Kf8 34. g4
f6 35. Kf2 Nf7 36. f4 Nd6 37. Kf3 Rdc7 38. Bb3 a6 39. Re3 Kf7 40. Rb1 f5 41.
Bc2 Rb8 42. Rb2 Kf6 43. h3 Nce4 44. Bd3 Nc5 45. Rbe2 Kf7 46. Rc2 Kf6 47. Rc3
Rbc8 48. Be2 Nce4 49. Rc2 b5 50. Rb2 Nxc4 51. Bxc4 bxc4 52. Rb6+ Kf7 53. Rxa6
c3 54. Nc2 Rd8 55. Ra5 Rcd7 56. gxf5 gxf5 57. Rd3 Rg8 58. Re3 Nd2+ 59. Ke2 Nc4
60. Rc5 Nxe3 61. Nxe3 Re8 62. Kd3 Re4 63. Nxf5 Rxf4 64. Nd4 Rh4 65. Kxc3 Rxh3+
66. Kb4 Rh4 67. Kc3 Ra7 68. d6 Ke8 69. Nf5 Rh3+ 70. Kd4 Kd7 71. Ke5 Rd3 72. a4
h5 73. Rc4 Rd2 74. Rb4 Re2+ 75. Kf4 Ra5 76. Rb7+ Kc6 77. Rc7+ Kb6 78. Ne3 Rxa4+
79. Kf3 Rd2 80. Nc4+ Rxc4 81. Rxc4 1/2-1/2

[Event "VIII Weekend A"]
[Site "Gorgonzola ITA"]
[Date "2003.11.16"]
[Round "3"]
[White "Manzoni, Alessandro"]
[Black "Bisignano, Giuseppe"]
[Result "0-1"]
[WhiteElo "2034"]
[BlackElo "2055"]
[PlyCount "96"]
[EventDate "2003.11.15"]

1. e4 d6 2. Nc3 g6 3. g3 Bg7 4. Bg2 Nf6 5. Nge2 O-O 6. O-O e5 7. d3 Nbd7 8. h3
c6 9. Bg5 h6 10. Be3 Nh7 11. f4 f5 12. Qd2 exf4 13. Nxf4 Ne5 14. b3 Qf6 15. d4
Nf7 16. exf5 gxf5 17. Nh5 Qg6 18. Nxg7 Kxg7 19. Ne2 d5 20. Nf4 Qd6 21. Nh5+ Kh8
22. h4 Bd7 23. Nf4 Rg8 24. Kh2 Nf6 25. Bf3 Ng4+ 26. Bxg4 Rxg4 27. h5 Rag8 28.
Rg1 Ng5 29. Qe2 Ne4 30. Ng6+ R8xg6 31. hxg6 Rxg3 32. Rxg3 Qxg3+ 33. Kh1 f4 34.
Qh5 Qg5 35. Qxg5 hxg5 36. Bc1 Kg7 37. Kg2 Kxg6 38. c4 Kf5 39. Ba3 g4 40. Be7
f3+ 41. Kg1 g3 42. cxd5 cxd5 43. Rc1 Kf4 44. Bd8 f2+ 45. Kg2 Bb5 46. Bc7+ Ke3
47. Bb8 Be2 48. Bxg3 f1=Q+ 0-1

[Event "VIII Weekend A"]
[Site "Gorgonzola ITA"]
[Date "2003.11.16"]
[Round "3"]
[White "Massironi, Marco"]
[Black "Barlocco, Carlo"]
[Result "1-0"]
[WhiteElo "2082"]
[BlackElo "2132"]
[PlyCount "45"]
[EventDate "2003.11.15"]

1. e4 c5 2. Nf3 Nc6 3. d4 cxd4 4. Nxd4 Nf6 5. Nc3 d6 6. Bc4 Bd7 7. Be3 g6 8. f3
Bg7 9. Qd2 O-O 10. O-O-O Rc8 11. Bb3 Ne5 12. h4 h5 13. Kb1 Nc4 14. Bxc4 Rxc4
15. g4 hxg4 16. h5 Nxh5 17. fxg4 Rxc3 18. gxh5 Rxe3 19. Qxe3 Bg4 20. Rdg1 gxh5
21. Nf5 e6 22. Nxg7 Kxg7 23. Rxg4+ 1-0

[Event "VIII Weekend A"]
[Site "Gorgonzola ITA"]
[Date "2003.11.16"]
[Round "3"]
[White "Murgia, Andrea"]
[Black "Gromovs, Sergejs"]
[Result "0-1"]
[WhiteElo "2132"]
[BlackElo "2259"]
[PlyCount "88"]
[EventDate "2003.11.15"]

1. e4 e6 2. d4 c5 3. c3 d5 4. exd5 exd5 5. Bb5+ Nc6 6. Qe2+ Be6 7. Nf3 a6 8.
Bxc6+ bxc6 9. O-O Be7 10. dxc5 Bxc5 11. Ng5 Qf6 12. Re1 Ne7 13. Nxe6 fxe6 14.
Be3 Bxe3 15. Qxe3 Kf7 16. Nd2 Rhb8 17. Nb3 Nf5 18. Qf4 Ne7 19. Qg3 h5 20. Re2
h4 21. Qg4 Ng6 22. Re3 e5 23. Rf3 Nf4 24. g3 g5 25. gxf4 gxf4 26. Qd7+ Kg6 27.
Kh1 Kh6 28. Rg1 Rg8 29. Nc5 Rxg1+ 30. Kxg1 Qg6+ 31. Kf1 Qb1+ 32. Kg2 Rg8+ 33.
Kh3 Qf1+ 34. Kxh4 Qg2 35. Qd6+ Kh7 36. Qd7+ Kh8 37. Qf5 Qxf3 38. Qf6+ Rg7 39.
Qf8+ Kh7 40. Qf5+ Kg8 41. Qe6+ Kh8 42. Qc8+ Rg8 43. Qh3 Qxf2+ 44. Kh5 Qxc5 0-1

[Event "VIII Weekend A"]
[Site "Gorgonzola ITA"]
[Date "2003.11.16"]
[Round "3"]
[White "Pace, Pietro Dario"]
[Black "Castrogiovanni, Carlo"]
[Result "1-0"]
[WhiteElo "2115"]
[BlackElo "2068"]
[PlyCount "75"]
[EventDate "2003.11.15"]

1. e4 c5 2. Nf3 a6 3. c3 d5 4. e5 d4 5. Bd3 g6 6. O-O Bg7 7. Be4 Nc6 8. d3 Bd7
9. Qb3 Qc7 10. Ng5 e6 11. f4 Nge7 12. a4 Rb8 13. Na3 Na5 14. Qd1 f6 15. exf6
Bxf6 16. Bd2 h6 17. Nf3 Nac6 18. Nc4 O-O 19. a5 Kg7 20. cxd4 Nxd4 21. Nfe5 Ndf5
22. Rc1 Nd6 23. b4 Nxc4 24. Rxc4 Bxe5 25. fxe5 Rxf1+ 26. Qxf1 Rf8 27. Qe1 b6
28. Bxh6+ Kxh6 29. Qh4+ Kg7 30. Qxe7+ Rf7 31. Qg5 Bb5 32. Rc1 Qd7 33. axb6 c4
34. b7 Qd4+ 35. Kh1 Qa7 36. Qxg6+ Kf8 37. Qxe6 Bd7 38. Qd6+ 1-0

[Event "VIII Weekend A"]
[Site "Gorgonzola ITA"]
[Date "2003.11.16"]
[Round "3"]
[White "Radice, Luca"]
[Black "Astengo, Corrado"]
[Result "1/2-1/2"]
[WhiteElo "2088"]
[BlackElo "2166"]
[PlyCount "28"]
[EventDate "2003.11.15"]

1. d4 d5 2. c4 c6 3. Nf3 Nf6 4. Nc3 a6 5. cxd5 cxd5 6. Bf4 Nc6 7. e3 Bf5 8. Bd3
Bxd3 9. Qxd3 e6 10. O-O Be7 11. h3 O-O 12. Rac1 Rc8 13. Ne5 Nh5 14. Nxc6 Rxc6
1/2-1/2

[Event "VIII Weekend A"]
[Site "Gorgonzola ITA"]
[Date "2003.11.16"]
[Round "3"]
[White "Sbarra, Marco"]
[Black "Damia, Angelo"]
[Result "1-0"]
[WhiteElo "2235"]
[BlackElo "2059"]
[PlyCount "91"]
[EventDate "2003.11.15"]

1. d4 Nf6 2. c4 g6 3. Nc3 Bg7 4. e4 O-O 5. Be2 d6 6. Nf3 e5 7. d5 Nh5 8. g3 f5
9. exf5 Bxf5 10. Nh4 Nf4 11. Bf1 Bh3 12. Bxh3 Nxh3 13. Ne4 Nf4 14. Be3 Nh5 15.
Nf3 Nf6 16. Neg5 Qc8 17. Ne6 Re8 18. Bg5 Nbd7 19. O-O Nf8 20. Nxf8 Rxf8 21.
Bxf6 Bxf6 22. Qe2 Qg4 23. Rfe1 e4 24. Qxe4 Qxe4 25. Rxe4 Bxb2 26. Rb1 Rxf3 27.
Rxb2 b6 28. Re7 Rf7 29. Rbe2 Kf8 30. Rxf7+ Kxf7 31. f4 Re8 32. Rxe8 Kxe8 33.
Kf2 Ke7 34. Kf3 Kf6 35. g4 h6 36. Kg3 a6 37. a4 Kg7 38. Kf3 a5 39. Kg3 Kf7 40.
Kh4 Kf6 41. h3 h5 42. gxh5 gxh5 43. Kxh5 Kf5 44. h4 Kxf4 45. Kg6 b5 46. cxb5
1-0

[Event "VIII Weekend A"]
[Site "Gorgonzola ITA"]
[Date "2003.11.16"]
[Round "3"]
[White "Vancini, Edoardo"]
[Black "Bemporad, Filippo"]
[Result "1-0"]
[WhiteElo "2284"]
[BlackElo "2076"]
[PlyCount "55"]
[EventDate "2003.11.15"]

1. e4 c5 2. Nc3 d6 3. g3 Nc6 4. Bg2 g6 5. d3 Bg7 6. Be3 e6 7. Qd2 Nd4 8. Nd1
Ne7 9. c3 Ndc6 10. Bh6 Bxh6 11. Qxh6 Ng8 12. Qd2 Nge7 13. Ne3 e5 14. Ne2 b5 15.
f4 Qb6 16. Nd5 Nxd5 17. exd5 Nb8 18. fxe5 dxe5 19. Qh6 Nd7 20. O-O f5 21. Nf4
Qf6 22. Ne6 Rb8 23. d4 cxd4 24. cxd4 e4 25. Bxe4 Nf8 26. Rxf5 Qe7 27. d6 Qxd6
28. Ng7+ 1-0

[Event "VIII Weekend A"]
[Site "Gorgonzola ITA"]
[Date "2003.11.16"]
[Round "3"]
[White "Zacco, Remo"]
[Black "Bonazzi, Edoardo"]
[Result "0-1"]
[WhiteElo "2077"]
[BlackElo "2139"]
[PlyCount "84"]
[EventDate "2003.11.15"]

1. e4 c5 2. Nc3 Nc6 3. f4 e6 4. Nf3 a6 5. d3 d6 6. g3 g6 7. Bg2 Bg7 8. O-O Nge7
9. Ne2 O-O 10. c3 Rb8 11. d4 cxd4 12. cxd4 d5 13. e5 Bd7 14. g4 Rc8 15. Kh1 Na5
16. Nc3 Qb6 17. Qe1 Bb5 18. Rg1 Bd3 19. Na4 Qb5 20. Nc5 b6 21. a4 Qc4 22. Nd7
Qc2 23. Nxb6 Nb3 24. Nxc8 Rxc8 25. Ra3 Nxc1 26. Qh4 Kf8 27. Rc3 Rxc3 28. bxc3
Ne2 29. f5 exf5 30. gxf5 Bxf5 31. Re1 Nxc3 32. e6 Bxe6 33. Ng5 Ne4 34. Nxe6+
fxe6 35. Qf4+ Nf6 36. Rxe6 Qb1+ 37. Bf1 Qf5 38. Qb8+ Kf7 39. Re1 Ne4 40. Qa7
Qf2 41. Qd7 Qxe1 42. Qh3 Nf2+ 0-1

[Event "VIII Weekend A"]
[Site "Gorgonzola ITA"]
[Date "2003.11.22"]
[Round "4"]
[White "Astengo, Corrado"]
[Black "Facchetti, Gianni"]
[Result "0-1"]
[WhiteElo "2166"]
[BlackElo "2159"]
[PlyCount "112"]
[EventDate "2003.11.15"]

1. e4 e5 2. Nf3 Nc6 3. Bb5 Bc5 4. O-O Nd4 5. Nxd4 Bxd4 6. c3 Bb6 7. d4 c6 8.
Ba4 d6 9. Na3 Bc7 10. f4 exd4 11. cxd4 d5 12. exd5 Qxd5 13. Re1+ Ne7 14. Bb3
Qd8 15. d5 O-O 16. dxc6 Nxc6 17. Qxd8 Bxd8 18. Be3 Bf6 19. Nc4 Be6 20. Rac1
Rfd8 21. Re2 Nd4 22. Bxd4 Bxd4+ 23. Kh1 Rac8 24. Rce1 g6 25. Na5 Bxb3 26. Nxb3
Bf6 27. g3 Rd5 28. a4 Rc4 29. Re8+ Kg7 30. R8e4 Rxe4 31. Rxe4 Rd1+ 32. Kg2 Rb1
33. Re2 b6 34. Kf3 Bxb2 35. Nd2 Rc1 36. Ne4 Bd4 37. Nd6 Bc5 38. Ne8+ Kf8 39.
Nf6 h5 40. Nd7+ Kg7 41. Re8 Rc3+ 42. Kg2 Bd6 43. Rd8 Rc7 44. Nxb6 Bxf4 45. Nd5
Rc2+ 46. Kh1 Be5 47. Rd7 a5 48. Ra7 Rc5 49. Ne7 Bd6 50. Kg2 Kf8 51. Nc6 Rxc6
52. Rxa5 Rc2+ 53. Kh1 Ra2 54. Ra7 Bb4 55. Ra8+ Kg7 56. Ra7 g5 0-1

[Event "VIII Weekend A"]
[Site "Gorgonzola ITA"]
[Date "2003.11.22"]
[Round "4"]
[White "Barlocco, Carlo"]
[Black "Astengo, Marcello"]
[Result "1-0"]
[WhiteElo "2132"]
[BlackElo "2066"]
[PlyCount "105"]
[EventDate "2003.11.15"]

1. d4 d5 2. Nc3 Bf5 3. f3 Nf6 4. e4 dxe4 5. fxe4 Nxe4 6. Qf3 Nd6 7. Bf4 Qc8 8.
Qf2 Qe6+ 9. Kd2 Nd7 10. Bxd6 cxd6 11. Nb5 Kd8 12. Nf3 g6 13. c4 Nf6 14. Kd1 Ng4
15. Qe2 Ne3+ 16. Kd2 Bh6 17. Kc3 a6 18. Na3 Qd7 19. h4 b5 20. Ng5 Bxg5 21. hxg5
Nxf1 22. Raxf1 bxc4 23. Nxc4 d5 24. Ne3 Qc7+ 25. Kd2 Qa5+ 26. Kd1 Qxa2 27. Nxf5
gxf5 28. Qe5 Qb1+ 29. Kd2 Qxb2+ 30. Ke3 Qb3+ 31. Kf4 Rf8 32. Rb1 Qa2 33. Kg3
Rc8 34. Qxf5 Qa3+ 35. Kg4 Qd6 36. Rxh7 Rc3 37. Rh3 Rc4 38. Rb8+ Qxb8 39. Qxd5+
Ke8 40. Qxc4 Qa8 41. d5 Rg8 42. Kf5 Qd8 43. Ke4 a5 44. Rh6 Qd7 45. Kf4 f6 46.
g6 Qd6+ 47. Kf3 Qa3+ 48. Ke4 Qb4 49. Qxb4 axb4 50. Kf5 Kd7 51. Rh4 Rb8 52. g7
b3 53. Rh8 1-0

[Event "VIII Weekend A"]
[Site "Gorgonzola ITA"]
[Date "2003.11.22"]
[Round "4"]
[White "Bemporad, Filippo"]
[Black "Damia, Angelo"]
[Result "1/2-1/2"]
[WhiteElo "2076"]
[BlackElo "2059"]
[PlyCount "76"]
[EventDate "2003.11.15"]

1. d4 Nf6 2. Nf3 g6 3. c4 Bg7 4. Nc3 O-O 5. e4 d6 6. Be2 e5 7. O-O exd4 8. Nxd4
Re8 9. f3 Nc6 10. Nc2 Be6 11. Ne3 Nd7 12. Ned5 Nd4 13. Be3 Nxe2+ 14. Qxe2 c6
15. Nf4 Nb6 16. Nxe6 fxe6 17. Rfd1 d5 18. cxd5 exd5 19. Qf2 Nc4 20. Bd4 Bxd4
21. Rxd4 Qb6 22. b3 Na3 23. Rad1 Nb5 24. Nxb5 Qxb5 25. exd5 Re2 26. Qf1 Rxa2
27. d6 Qxf1+ 28. Kxf1 Rd8 29. d7 Ra5 30. Re1 Kf7 31. f4 g5 32. h4 Rd5 33. Rxd5
cxd5 34. hxg5 Rxd7 35. Kf2 Rc7 36. Re2 Rc3 37. Re3 Rc2+ 38. Re2 Rc3 1/2-1/2

[Event "VIII Weekend A"]
[Site "Gorgonzola ITA"]
[Date "2003.11.22"]
[Round "4"]
[White "Bisignano, Giuseppe"]
[Black "Zacco, Remo"]
[Result "0-1"]
[WhiteElo "2055"]
[BlackElo "2077"]
[PlyCount "96"]
[EventDate "2003.11.15"]

1. e4 Nc6 2. d4 d5 3. e5 Bf5 4. c3 Qd7 5. Nf3 f6 6. Bb5 a6 7. Bd3 fxe5 8. dxe5
O-O-O 9. O-O g6 10. Re1 e6 11. Be3 Bg7 12. Bd4 Nh6 13. h3 Nf7 14. Bxf5 gxf5 15.
Nbd2 Rhg8 16. Nb3 Bf8 17. Qd2 Nh6 18. Bc5 Nf7 19. Bd4 h6 20. Bc5 Ng5 21. Nxg5
Rxg5 22. f4 Rg6 23. Rad1 Be7 24. Kh1 Rdg8 25. Rg1 Qe8 26. Bf2 Qd8 27. g3 h5 28.
Qe3 h4 29. c4 hxg3 30. Bxg3 R8g7 31. cxd5 exd5 32. Qd3 Qd7 33. Kh2 Rh7 34. Bf2
Rgh6 35. Rg8+ Bd8 36. h4 Ne7 37. Nc5 Qc6 38. Rc1 Rxh4+ 39. Bxh4 Rxh4+ 40. Kg3
Qh6 41. Rxd8+ Kxd8 42. Ne6+ Ke8 43. Ng5 Rg4+ 44. Kf3 Qh2 45. Ke3 Qxf4+ 46. Ke2
Rg2+ 47. Kd1 Rg1+ 48. Ke2 Qxc1 0-1

[Event "VIII Weekend A"]
[Site "Gorgonzola ITA"]
[Date "2003.11.22"]
[Round "4"]
[White "Bonazzi, Edoardo"]
[Black "Sbarra, Marco"]
[Result "0-1"]
[WhiteElo "2139"]
[BlackElo "2235"]
[PlyCount "120"]
[EventDate "2003.11.15"]

1. c4 e6 2. Nc3 d5 3. cxd5 exd5 4. d4 c5 5. Nf3 Nc6 6. g3 Nf6 7. Bg2 Be7 8. O-O
O-O 9. Bg5 c4 10. Ne5 Be6 11. Qd2 h6 12. Nxc6 bxc6 13. Bxf6 Bxf6 14. e4 dxe4
15. Bxe4 Qxd4 16. Qxd4 Bxd4 17. Rad1 Bf6 18. Bxc6 Rab8 19. Rd2 Rb6 20. Be4 Rfb8
21. Nd5 Rxb2 22. Nxf6+ gxf6 23. Rfd1 f5 24. Rxb2 Rxb2 25. Bb1 Kf8 26. Kg2 c3
27. Rc1 Bd5+ 28. Kg1 Ke7 29. Bd3 Rd2 30. Rxc3 Rxa2 31. Kf1 Ke6 32. Bc4 Bxc4+
33. Rxc4 Kd5 34. Rh4 Ra6 35. Rh5 Ke4 36. f3+ Ke5 37. g4 Rf6 38. gxf5 a5 39. Rh4
Ra6 40. Ra4 Kxf5 41. Kf2 Ke5 42. Ke3 Kd5 43. Kd3 Kc5 44. Kc3 Kb5 45. Rf4 Rc6+
46. Kb3 f6 47. Rf5+ Kb6 48. Rh5 Re6 49. Rxh6 Re3+ 50. Ka4 Rxf3 51. h4 Rf4+ 52.
Ka3 Kc6 53. Rh8 Kd6 54. Kb3 Ke6 55. Kc3 a4 56. Kd3 a3 57. Kc2 Ra4 58. Kb1 Kf5
59. Ka2 Kg6 60. Rg8+ Kf7 0-1

[Event "VIII Weekend A"]
[Site "Gorgonzola ITA"]
[Date "2003.11.22"]
[Round "4"]
[White "Brunello, Sabino"]
[Black "Pace, Pietro Dario"]
[Result "1-0"]
[WhiteElo "2206"]
[BlackElo "2115"]
[PlyCount "65"]
[EventDate "2003.11.15"]

1. e4 e5 2. Nf3 Nc6 3. d4 exd4 4. Nxd4 Nf6 5. Nc3 Bb4 6. Nxc6 bxc6 7. Bd3 d5 8.
exd5 cxd5 9. O-O O-O 10. Bg5 c6 11. Na4 h6 12. Bh4 Be6 13. Rc1 Be7 14. c4 d4
15. c5 Ng4 16. Bxe7 Qxe7 17. h3 Ne5 18. Bb1 g6 19. Qxd4 Qf6 20. Qe3 Kh7 21. b3
Rfe8 22. Nc3 Bd5 23. Qg3 Nf3+ 24. gxf3 Bxf3 25. Na4 Re5 26. h4 Be2 27. Rfe1
Rae8 28. Rc3 Rh5 29. Re3 Bf3 30. Rf1 Rxh4 31. Rxf3 Qd4 32. Rxf7+ Kh8 33. Rh7+
1-0

[Event "VIII Weekend A"]
[Site "Gorgonzola ITA"]
[Date "2003.11.22"]
[Round "4"]
[White "Calzolari, Giampietro"]
[Black "Manzoni, Alessandro"]
[Result "1/2-1/2"]
[WhiteElo "1963"]
[BlackElo "2034"]
[PlyCount "109"]
[EventDate "2003.11.15"]

1. e4 d6 2. d4 Nf6 3. Nc3 g6 4. f4 Bg7 5. Nf3 c5 6. Bb5+ Bd7 7. e5 Ng4 8. Bxd7+
Qxd7 9. d5 O-O 10. h3 Nh6 11. g4 Na6 12. Be3 b5 13. Qd2 b4 14. Ne2 Kh8 15. f5
Ng8 16. e6 fxe6 17. fxe6 Qb5 18. Ng5 Bxb2 19. Rb1 Be5 20. Nf7+ Rxf7 21. exf7
Nf6 22. Bf4 Kg7 23. Bxe5 dxe5 24. Qe3 Qc4 25. g5 Nd7 26. O-O Nc7 27. Rbd1 Nxd5
28. Qf3 e4 29. Qg4 Nf8 30. Qg3 Nd7 31. Nf4 N7f6 32. gxf6+ Nxf6 33. Qb3 Qxf7 34.
Qxf7+ Kxf7 35. Nd5 Rf8 36. Nxf6 exf6 37. Rd5 f5 38. Rxc5 Kf6 39. Rc4 Ke5 40.
Kg2 Rd8 41. Rxb4 a6 42. Rb7 h6 43. Rb6 g5 44. Rxa6 Rd2+ 45. Kg1 f4 46. Ra5+ Kd4
47. Ra4+ Ke3 48. Re1+ Kf3 49. Raxe4 Rxc2 50. a4 Kg3 51. R4e2 Rc4 52. Re4 Rc2
53. R4e2 Rc4 54. Re4 Rc2 55. R4e2 1/2-1/2

[Event "VIII Weekend A"]
[Site "Gorgonzola ITA"]
[Date "2003.11.22"]
[Round "4"]
[White "Castrogiovanni, Carlo"]
[Black "Di Majo, Carlo"]
[Result "1-0"]
[WhiteElo "2068"]
[BlackElo "1977"]
[PlyCount "55"]
[EventDate "2003.11.15"]

1. Nf3 Nf6 2. c4 e6 3. g3 d5 4. Bg2 Be7 5. O-O O-O 6. b3 c6 7. Bb2 Nbd7 8. d4
Ne4 9. Nc3 f5 10. Nd2 Bd6 11. e3 Qg5 12. f4 Qh6 13. Nf3 Ndf6 14. Qe1 Bd7 15.
Ne5 Be8 16. Rc1 Bh5 17. h3 g5 18. Nxe4 Nxe4 19. Rc2 Kh8 20. Bxe4 Bxe5 21. cxd5
Bd6 22. dxc6 fxe4 23. cxb7 Rad8 24. d5+ Kg8 25. Qc3 e5 26. fxe5 Rxf1+ 27. Kxf1
Bf3 28. Qc8 1-0

[Event "VIII Weekend A"]
[Site "Gorgonzola ITA"]
[Date "2003.11.22"]
[Round "4"]
[White "Gromovs, Sergejs"]
[Black "Vancini, Edoardo"]
[Result "0-1"]
[WhiteElo "2259"]
[BlackElo "2284"]
[PlyCount "88"]
[EventDate "2003.11.15"]

1. d4 f5 2. g3 Nf6 3. Bg2 e6 4. c4 c6 5. Nc3 d5 6. Nf3 Bd6 7. O-O O-O 8. Bf4
Bxf4 9. gxf4 Ne4 10. Rc1 Bd7 11. e3 Be8 12. Nxe4 fxe4 13. Ng5 Qe7 14. Bh3 Rf6
15. f3 h6 16. Nxe6 Rxe6 17. Bxe6+ Qxe6 18. cxd5 cxd5 19. fxe4 Nc6 20. e5 Bg6
21. Rf2 Be4 22. Qh5 Rf8 23. h3 Rf5 24. Qg4 Qd7 25. Kh2 Nd8 26. b4 Ne6 27. b5
Kh7 28. a4 Qf7 29. a5 Rh5 30. f5 Bxf5 31. e4 dxe4 32. d5 Nd4 33. e6 Qe8 34.
Rxf5 Nxf5 35. Rc7 Rg5 36. Qxe4 Qxb5 37. Rc2 Qf1 38. Rg2 Rxg2+ 39. Qxg2 Qxg2+
40. Kxg2 Kg6 41. Kf3 Kf6 42. Ke4 g5 43. Kd3 Ke5 44. a6 bxa6 0-1

[Event "VIII Weekend A"]
[Site "Gorgonzola ITA"]
[Date "2003.11.22"]
[Round "4"]
[White "Lapiccirella, Mattia"]
[Black "Murgia, Andrea"]
[Result "1-0"]
[WhiteElo "2180"]
[BlackElo "2132"]
[PlyCount "106"]
[EventDate "2003.11.15"]

1. d4 f5 2. Nc3 Nf6 3. Bg5 d5 4. f3 Nc6 5. Qd2 h6 6. Bxf6 exf6 7. e3 Be6 8. Nh3
Qd7 9. Nf4 Bf7 10. Bb5 a6 11. Ba4 g5 12. Nd3 Bd6 13. Nc5 Bxc5 14. dxc5 Kf8 15.
O-O-O Rd8 16. h4 Kg7 17. Ne2 Qe7 18. Bxc6 bxc6 19. Nd4 Qd7 20. hxg5 fxg5 21.
Qd3 Bg6 22. Qxa6 Ra8 23. Qxc6 Qe7 24. Qxc7 Qxc7 25. Ne6+ Kf7 26. Nxc7 Rac8 27.
Nxd5 Rxc5 28. Nc3 Rc7 29. Rd6 h5 30. Rhd1 h4 31. Rd7+ Rxd7 32. Rxd7+ Ke6 33.
Rd1 g4 34. Ne2 gxf3 35. gxf3 Be8 36. Rh1 Kf6 37. Rh3 Bb5 38. Kd2 f4 39. Nxf4
Bd7 40. Rh2 Bc6 41. Ng2 h3 42. Nf4 Bd7 43. Ke1 Kg5 44. Kf2 Rh6 45. Kg3 Kf6 46.
Nxh3 Rg6+ 47. Kf2 Rh6 48. Kg2 Rg6+ 49. Kf2 Rh6 50. Kg2 Rg6+ 51. Kh1 Ke5 52. Nf4
Rg8 53. Rg2 Rb8 1-0

[Event "VIII Weekend A"]
[Site "Gorgonzola ITA"]
[Date "2003.11.22"]
[Round "4"]
[White "Massironi, Marco"]
[Black "Bonade', Massimo"]
[Result "1-0"]
[WhiteElo "2082"]
[BlackElo "2053"]
[PlyCount "80"]
[EventDate "2003.11.15"]

1. e4 c5 2. Nf3 d6 3. d4 cxd4 4. Nxd4 Nf6 5. Nc3 a6 6. Be3 e5 7. Nb3 Be6 8. f3
Nbd7 9. Qd2 Be7 10. O-O-O b5 11. g4 Nb6 12. h4 b4 13. Qf2 bxc3 14. Bxb6 cxb2+
15. Kb1 Qb8 16. Be3 a5 17. g5 Nh5 18. Bh3 Bxh3 19. Rxh3 O-O 20. f4 a4 21. Nd2
Nxf4 22. Bxf4 exf4 23. Qxf4 Qc7 24. Nf1 Rac8 25. Ne3 Qc3 26. Qh2 Qc6 27. Nd5
Qb7 28. Qg2 Kh8 29. h5 Rc4 30. g6 h6 31. gxf7 Rxf7 32. Rf3 Bg5 33. Rdf1 Rxf3
34. Qxf3 Qc8 35. Nb6 Qc5 36. Nxc4 Qxc4 37. Qd3 Qxd3 38. cxd3 Bf6 39. Rf5 Be5
40. Rf8+ Kh7 1-0

[Event "VIII Weekend A"]
[Site "Gorgonzola ITA"]
[Date "2003.11.22"]
[Round "4"]
[White "Mrdja, Milan"]
[Black "Barberi, Alessandro"]
[Result "1-0"]
[WhiteElo "2387"]
[BlackElo "2099"]
[PlyCount "78"]
[EventDate "2003.11.15"]

1. e4 c5 2. Nf3 d6 3. d4 cxd4 4. Nxd4 Nf6 5. Nc3 g6 6. g3 Bg7 7. Bg2 O-O 8. O-O
Nc6 9. Nde2 Rb8 10. Nd5 b5 11. h3 b4 12. Be3 Ba6 13. Re1 Bxe2 14. Rxe2 Nd7 15.
Qc1 e6 16. Nf4 Nb6 17. b3 Bxa1 18. Qxa1 e5 19. Nd3 Qc7 20. h4 a5 21. Rd2 a4 22.
Qe1 axb3 23. cxb3 f6 24. Rc2 Na8 25. Qc1 Rfc8 26. Bh3 f5 27. exf5 Qd7 28. fxg6
Qxh3 29. gxh7+ Kxh7 30. Rxc6 Qd7 31. Rxc8 Rxc8 32. Qd1 Nc7 33. Nxe5 Qf5 34.
Qxd6 Ne6 35. g4 Qb1+ 36. Kh2 Ng7 37. h5 Re8 38. Qh6+ Kg8 39. Qg5 Qe4 1-0

[Event "VIII Weekend A"]
[Site "Gorgonzola ITA"]
[Date "2003.11.22"]
[Round "4"]
[White "Pepe, Mario"]
[Black "Radice, Luca"]
[Result "1-0"]
[WhiteElo "1953"]
[BlackElo "2088"]
[PlyCount "151"]
[EventDate "2003.11.15"]

1. e4 e6 2. d3 d5 3. Nd2 Nf6 4. Ngf3 Nc6 5. g3 dxe4 6. dxe4 e5 7. Bg2 Bc5 8.
O-O O-O 9. Qe2 a5 10. Nc4 Qe7 11. Bg5 b6 12. Rfd1 Ba6 13. b3 Qe6 14. Bxf6 Qxf6
15. Rd5 Nd4 16. Nxd4 Bxd4 17. Rxd4 exd4 18. e5 Qf5 19. Be4 Qd7 20. Bxa8 Rxa8
21. Rd1 Bb7 22. f3 Rd8 23. Qd3 Qh3 24. c3 h5 25. cxd4 h4 26. Qf1 Qf5 27. Ne3
Qh5 28. g4 Qg5 29. f4 Qg6 30. f5 Qg5 31. Qf2 Be4 32. h3 Rd7 33. Ng2 Bxg2 34.
Kxg2 Qd8 35. e6 Rd6 36. Qe3 Kf8 37. Qe4 Ke7 38. Qe5 f6 39. Qe4 Rd5 40. Kf3 c5
41. Ke3 Qd6 42. Rd2 cxd4+ 43. Rxd4 Qg3+ 44. Kd2 Qf2+ 45. Kc3 Rc5+ 46. Rc4 Qg3+
47. Qd3 Qe5+ 48. Kc2 Rd5 49. Qf3 b5 50. Rc8 Qh2+ 51. Kb1 Qg1+ 52. Rc1 Qd4 53.
Qc3 Qxc3 54. Rxc3 Re5 55. Rd3 g6 56. Rd7+ Kf8 57. Rf7+ Kg8 58. Rxf6 gxf5 59.
gxf5 Kg7 60. Rf7+ Kg8 61. Kc2 Re3 62. Re7 Kf8 63. Rh7 Re5 64. Rf7+ Ke8 65. Kd3
a4 66. Kd4 Re1 67. Kc5 Re5+ 68. Kd6 axb3 69. axb3 Re3 70. b4 Rxh3 71. Rh7 Rd3+
72. Ke5 Kf8 73. Kf6 Kg8 74. Rxh4 Rd6 75. Rg4+ Kh8 76. Kf7 1-0